[Event "Korcsoportos Bajnokság u14f"]
[Site "Balatonlelle"]
[Date "2015.06.18"]
[Round "1.1"]
[White "Kaloczi, Kristof"]
[Black "Bohus, Adam"]
[Result "0-1"]
[WhiteElo "1781"]
[BlackElo "2128"]
[PlyCount "132"]
[EventDate "2015.06.18"]
[EventType "swiss"]
[EventRounds "9"]
[EventCountry "HUN"]
[WhiteClock "0:14:10"]
[BlackClock "0:03:29"]

1. e4 e5 2. Nf3 Nc6 3. Bb5 a6 4. Ba4 Nf6 5. O-O Be7 6. Re1 b5 7. Bb3 d6 8. c3
O-O 9. h3 Na5 10. Bc2 c5 11. d4 Nd7 12. Nbd2 exd4 13. cxd4 Re8 14. Nf1 Bb7 15.
Ng3 g6 16. b3 Bf6 17. Bb2 Rc8 18. Rc1 Nc6 19. Qd2 Qa5 20. Qxa5 Nxa5 21. Bb1 Bg7
22. Rcd1 d5 23. exd5 Rxe1+ 24. Rxe1 Bxd5 25. Be4 Nf6 26. Bxd5 Nxd5 27. Ne5 c4
28. bxc4 Nxc4 29. Rc1 Rc7 30. Nxc4 bxc4 31. Ne4 f5 32. Nc3 Nb4 33. Ne2 Nxa2 34.
Ra1 Nb4 35. Bc3 Nd5 36. Rxa6 Re7 37. Kf1 Rxe2 38. Kxe2 Nxc3+ 39. Kf3 Bxd4 40.
Rc6 Ne4 41. Ke2 c3 42. f3 Nc5 43. Rc7 Ne6 44. Rc4 Kg7 45. Kd3 Kf6 46. Rc6 Ke5
47. g3 Kd5 48. Rc8 Nc5+ 49. Kc2 Kc4 50. g4 f4 51. h4 h5 52. g5 Kd5 53. Rd8+ Kc4
54. Rc8 Kd5 55. Rd8+ Ke5 56. Re8+ Ne6 57. Kd3 Bf2 58. Kxc3 Bxh4 59. Ra8 Nxg5
60. Ra5+ Kf6 61. Ra6+ Kg7 62. Kd3 Bg3 63. Ke2 h4 64. Ra1 h3 65. Rh1 h2 66. Ra1
Nh3 0-1

[Event "Korcsoportos Bajnokság u14f"]
[Site "Balatonlelle"]
[Date "2015.06.18"]
[Round "1.2"]
[White "Horvath, Balazs"]
[Black "Boa, Bence"]
[Result "1-0"]
[WhiteElo "2115"]
[BlackElo "1725"]
[PlyCount "53"]
[EventDate "2015.06.18"]
[EventType "swiss"]
[EventRounds "9"]
[EventCountry "HUN"]
[WhiteClock "1:04:48"]
[BlackClock "0:26:44"]

1. e4 c6 2. c4 e6 3. d4 d5 4. e5 Bb4+ 5. Nc3 Ne7 6. a3 Bxc3+ 7. bxc3 Ng6 8. Nf3
h6 9. h4 Nd7 10. h5 Ne7 11. Nh4 dxc4 12. Qg4 Rg8 13. Bxc4 Nb6 14. Bd3 Kf8 15.
Rh3 Qd7 16. Rf3 Nbd5 17. Bh7 Rh8 18. Ng6+ Nxg6 19. hxg6 f5 20. exf6 Nxf6 21.
Rxf6+ gxf6 22. Bxh6+ Ke7 23. g7 Re8 24. g8=R Rxg8 25. Qxg8 Kd6 26. Qf8+ Kd5 27.
Qc5# 1-0

[Event "Korcsoportos Bajnokság u14f"]
[Site "Balatonlelle"]
[Date "2015.06.18"]
[Round "1.3"]
[White "Pogany, Zsombor"]
[Black "Papp, Levente"]
[Result "0-1"]
[WhiteElo "1658"]
[BlackElo "2111"]
[PlyCount "68"]
[EventDate "2015.06.18"]
[EventType "swiss"]
[EventRounds "9"]
[EventCountry "HUN"]
[WhiteClock "0:22:59"]
[BlackClock "0:41:53"]

1. e4 e6 2. d4 d5 3. exd5 exd5 4. c4 Nc6 5. Nf3 Bg4 6. Qb3 Bxf3 7. Qxf3 Nxd4 8.
Qd1 Bb4+ 9. Nc3 Qe7+ 10. Be3 Nf5 11. Be2 Nxe3 12. fxe3 Bxc3+ 13. bxc3 Qxe3 14.
Qd4 Qxd4 15. cxd4 dxc4 16. Bxc4 Nf6 17. O-O O-O 18. Rab1 Rab8 19. Rfe1 Rfe8 20.
Rxe8+ Nxe8 21. Re1 Nd6 22. Bb3 Re8 23. Rc1 Re7 24. d5 g6 25. h3 Nf5 26. Rc4 a6
27. Kf2 Rd7 28. Re4 Ne7 29. Rb4 b5 30. Re4 Nxd5 31. Re8+ Kg7 32. Ra8 Nb4 33.
Ra7 Nd3+ 34. Ke3 Nc5 0-1

[Event "Korcsoportos Bajnokság u14f"]
[Site "Balatonlelle"]
[Date "2015.06.18"]
[Round "1.4"]
[White "Kokeny, Norbert Adrian"]
[Black "Szabo, Balint"]
[Result "1-0"]
[WhiteElo "2061"]
[BlackElo "1620"]
[PlyCount "75"]
[EventDate "2015.06.18"]
[EventType "swiss"]
[EventRounds "9"]
[EventCountry "HUN"]
[WhiteClock "0:30:32"]
[BlackClock "0:00:51"]

1. d4 d5 2. Bf4 Nf6 3. e3 Bf5 4. Bd3 Bxd3 5. Qxd3 c6 6. Nd2 e6 7. Ngf3 Bd6 8.
Bg3 Bxg3 9. hxg3 Nbd7 10. O-O-O Qe7 11. Rhe1 O-O-O 12. Kb1 h6 13. c4 dxc4 14.
Nxc4 Kb8 15. Qb3 Ne4 16. Na5 Nb6 17. Ne5 Rc8 18. Qc2 Nf6 19. Nd3 Nfd7 20. Rc1
e5 21. dxe5 Nxe5 22. Nc5 Rc7 23. f4 Nec4 24. Na6+ bxa6 25. Nxc4 f6 26. Na5 Ka8
27. e4 Rd8 28. e5 Rd5 29. exf6 Qxf6 30. Re8+ Rd8 31. Qe4 Nc8 32. Rxd8 Qxd8 33.
Nxc6 Qd6 34. g4 Nb6 35. Nb4+ Rb7 36. Nxa6 Nd7 37. Rc8+ Nb8 38. Nc7+ 1-0

[Event "Korcsoportos Bajnokság u14f"]
[Site "Balatonlelle"]
[Date "2015.06.18"]
[Round "1.5"]
[White "Nemeth, Balint"]
[Black "Tubak, Daniel"]
[Result "1/2-1/2"]
[WhiteElo "1617"]
[BlackElo "2032"]
[PlyCount "106"]
[EventDate "2015.06.18"]
[EventType "swiss"]
[EventRounds "9"]
[EventCountry "HUN"]
[WhiteClock "0:44:17"]
[BlackClock "0:40:40"]

1. e4 e6 2. d4 d5 3. Nc3 Bb4 4. Nge2 Nf6 5. Bg5 Be7 6. e5 Nfd7 7. h4 Bxg5 8.
hxg5 Qxg5 9. Rh3 Qe7 10. a3 a6 11. Nf4 c5 12. Qg4 cxd4 13. Qxg7 Qf8 14. Qxf8+
Kxf8 15. Nce2 Nc6 16. O-O-O Ndxe5 17. Rh5 Ng6 18. Nxg6+ fxg6 19. Rg5 Kg7 20.
Nxd4 h6 21. Rg3 e5 22. Nb3 Ne7 23. Bd3 e4 24. Be2 Rf8 25. Rf1 b6 26. Nd4 Nf5
27. Nxf5+ Bxf5 28. Rd1 Rfd8 29. Rb3 b5 30. f3 Rac8 31. Rd2 g5 32. fxe4 dxe4 33.
g4 Rxd2 34. Kxd2 Be6 35. Rc3 Kf6 36. Rxc8 Bxc8 37. Ke3 Ke5 38. Bd1 Be6 39. Be2
Bc8 40. Bd1 a5 41. Be2 b4 42. axb4 axb4 43. c3 b3 44. Bd1 Bd7 45. Be2 Be6 46.
c4 Bd7 47. Bd1 Bc8 48. c5 Bd7 49. c6 Bxc6 50. Bxb3 Bb5 51. Bc2 Bd7 52. Bd1 Bb5
53. Bc2 Bd7 1/2-1/2

[Event "Korcsoportos Bajnokság u14f"]
[Site "Balatonlelle"]
[Date "2015.06.18"]
[Round "1.6"]
[White "Vanczak, Tamas"]
[Black "Pasztor, Bence"]
[Result "1-0"]
[WhiteElo "2017"]
[BlackElo "1598"]
[PlyCount "89"]
[EventDate "2015.06.18"]
[EventType "swiss"]
[EventRounds "9"]
[EventCountry "HUN"]
[WhiteClock "1:04:06"]
[BlackClock "1:16:00"]

1. e4 e5 2. Nf3 Nc6 3. Bc4 Bc5 4. c3 d6 5. d3 Nf6 6. Nbd2 O-O 7. Bb3 Kh8 8. h3
Be6 9. Bc2 d5 10. Qe2 a5 11. a4 d4 12. Nf1 Qd6 13. Ng3 Ne7 14. Bg5 Nd7 15. O-O
f5 16. cxd4 exd4 17. Bxe7 Qxe7 18. exf5 Bxf5 19. Qxe7 Bxe7 20. Nxf5 Rxf5 21.
Nxd4 Rc5 22. Bb3 Bf6 23. Ne6 Rc6 24. d4 Nf8 25. d5 Nxe6 26. dxc6 Nc5 27. cxb7
Nxb7 28. Bd5 Rb8 29. Bxb7 Rxb7 30. Rab1 h6 31. Rfc1 Bd4 32. Rc6 Be5 33. Rc5 Bd4
34. Rxa5 Bb6 35. Ra8+ Kh7 36. a5 Bd4 37. b4 c5 38. a6 Rf7 39. a7 Rxf2 40. Kh1
Ra2 41. b5 c4 42. b6 c3 43. b7 c2 44. b8=Q Bb2 45. Qg8+ 1-0

[Event "Korcsoportos Bajnokság u14f"]
[Site "Balatonlelle"]
[Date "2015.06.18"]
[Round "1.7"]
[White "Bencze, Balazs Dominik"]
[Black "Bege, Mate"]
[Result "0-1"]
[WhiteElo "1569"]
[BlackElo "1999"]
[PlyCount "86"]
[EventDate "2015.06.18"]
[EventType "swiss"]
[EventRounds "9"]
[EventCountry "HUN"]
[WhiteClock "0:49:53"]
[BlackClock "1:32:28"]

1. e4 c5 2. Nf3 d6 3. d4 cxd4 4. Nxd4 Nf6 5. Nc3 Nc6 6. Bc4 g6 7. h3 Bg7 8. Be3
Bd7 9. a3 O-O 10. O-O Ne5 11. Bb3 Rc8 12. Qd2 Nc4 13. Bxc4 Rxc4 14. Rad1 Qc8
15. f3 a6 16. Rf2 b5 17. Nd5 Nxd5 18. exd5 Qb7 19. c3 Qxd5 20. Nb3 Qxd2 21.
Rfxd2 Ra8 22. Bf2 a5 23. Re2 Bf6 24. Bd4 Bxd4+ 25. Rxd4 Be6 26. Re1 Kf8 27.
Rxc4 bxc4 28. Nd4 Bd7 29. Kf2 e6 30. f4 Rb8 31. Re2 d5 32. Kg3 Ke7 33. h4 Kd6
34. Kf2 f6 35. Nf3 Re8 36. g3 e5 37. fxe5+ fxe5 38. Ng5 Rf8+ 39. Kg2 h6 40. Nf3
Bg4 41. Rf2 Bxf3+ 42. Rxf3 Rxf3 43. Kxf3 Kc5 0-1

[Event "Korcsoportos Bajnokság u14f"]
[Site "Balatonlelle"]
[Date "2015.06.18"]
[Round "1.8"]
[White "Acs, Marton"]
[Black "Balogh, Akos"]
[Result "1-0"]
[WhiteElo "1968"]
[BlackElo "1568"]
[PlyCount "65"]
[EventDate "2015.06.18"]
[EventType "swiss"]
[EventRounds "9"]
[EventCountry "HUN"]
[WhiteClock "0:17:37"]
[BlackClock "0:35:27"]

1. d4 d5 2. Nf3 c6 3. g3 f5 4. Bg2 e6 5. O-O Nf6 6. c4 Bd6 7. b3 O-O 8. Ba3
Bxa3 9. Nxa3 Bd7 10. Nc2 Be8 11. Nce1 Nbd7 12. Nd3 Bh5 13. Nfe5 Nxe5 14. Nxe5
Nd7 15. Nd3 Qe7 16. Qc2 Rfc8 17. Rfc1 Nb6 18. e3 Qd8 19. Qd2 Rc7 20. Ne5 Rac8
21. Rc3 Nd7 22. Nxd7 Qxd7 23. b4 b5 24. cxb5 cxb5 25. Rc5 Rxc5 26. dxc5 Ra8 27.
Qc3 Be8 28. Rc1 a6 29. Qe5 Rc8 30. Rd1 Qc6 31. Rxd5 Bd7 32. Rd6 Qc7 33. c6 1-0

[Event "Korcsoportos Bajnokság u14f"]
[Site "Balatonlelle"]
[Date "2015.06.18"]
[Round "1.9"]
[White "Acs, Kristof"]
[Black "Kelemen, David"]
[Result "1-0"]
[WhiteElo "1536"]
[BlackElo "1943"]
[PlyCount "69"]
[EventDate "2015.06.18"]
[EventType "swiss"]
[EventRounds "9"]
[EventCountry "HUN"]
[WhiteClock "0:30:09"]
[BlackClock "0:04:16"]

1. e4 c5 2. c3 d5 3. exd5 Qxd5 4. d4 Nf6 5. Nf3 Bg4 6. Qa4+ Nc6 7. Bc4 Qe4+ 8.
Be3 Bxf3 9. Nd2 Qg6 10. Nxf3 Qxg2 11. Ke2 O-O-O 12. Ba6 Kc7 13. Bb5 Rd6 14.
Bxc6 Rxc6 15. Qa5+ Kc8 16. Qxa7 Nd5 17. Rhg1 Qh3 18. Qa8+ Kc7 19. Qa5+ Kc8 20.
dxc5 Nxe3 21. fxe3 e5 22. Qa8+ Kc7 23. Rad1 Be7 24. Qxh8 e4 25. Ne1 Qh5+ 26.
Kd2 Rxc5 27. Kc2 Bf6 28. Qe8 Qe2+ 29. Rd2 Qxe3 30. Qd7+ Kb8 31. Qd6+ Ka7 32.
Rg3 Rxc3+ 33. bxc3 Qxe1 34. Qa3+ Kb8 35. Qc1 1-0

[Event "Korcsoportos Bajnokság u14f"]
[Site "Balatonlelle"]
[Date "2015.06.18"]
[Round "1.10"]
[White "Vodila, Martin Botond"]
[Black "Horvath, Csongor Endre"]
[Result "1-0"]
[WhiteElo "1941"]
[BlackElo "1523"]
[PlyCount "71"]
[EventDate "2015.06.18"]
[EventType "swiss"]
[EventRounds "9"]
[EventCountry "HUN"]
[WhiteClock "0:54:35"]
[BlackClock "1:15:57"]

1. e4 c5 2. Nf3 d6 3. d4 cxd4 4. Qxd4 Nc6 5. Bb5 Bd7 6. Bxc6 Bxc6 7. Nc3 Nf6 8.
Bg5 e6 9. O-O-O Be7 10. Rhe1 O-O 11. Qd2 b5 12. Nd4 b4 13. Nxc6 bxc3 14. Qxc3
Qc7 15. Nxe7+ Qxe7 16. Bxf6 gxf6 17. Qg3+ Kh8 18. Qxd6 Qxd6 19. Rxd6 Rad8 20.
Rxd8 Rxd8 21. Rd1 Rg8 22. g3 Kg7 23. Rd7 Ra8 24. c4 a5 25. Kc2 e5 26. Kc3 h6
27. c5 Kg6 28. c6 Ra6 29. Rd6 Ra7 30. Kc4 Ra8 31. c7 Rc8 32. Rd7 f5 33. exf5+
Kxf5 34. Kd5 f6 35. Kc6 Ra8 36. Kb7 1-0

[Event "Korcsoportos Bajnokság u14f"]
[Site "Balatonlelle"]
[Date "2015.06.18"]
[Round "1.11"]
[White "Marton, Kristof"]
[Black "Czumbel, Peter"]
[Result "0-1"]
[WhiteElo "1482"]
[BlackElo "1904"]
[PlyCount "80"]
[EventDate "2015.06.18"]
[EventType "swiss"]
[EventRounds "9"]
[EventCountry "HUN"]
[WhiteClock "1:00:53"]
[BlackClock "1:33:39"]

1. e4 d6 2. d4 Nf6 3. Nc3 g6 4. Nf3 Bg7 5. Bc4 O-O 6. O-O c6 7. d5 b5 8. Bd3 b4
9. Ne2 cxd5 10. exd5 Bb7 11. Bc4 Qa5 12. Nf4 Nbd7 13. a3 Nb6 14. Qd4 Nfxd5 15.
Qe4 Nxc4 16. Qxc4 Rac8 17. Qe4 Nxf4 18. Qxb7 Ne2+ 19. Kh1 Nxc1 20. Raxc1 Bxb2
21. axb4 Qb6 22. Qxb6 axb6 23. Rb1 Rxc2 24. Ne1 Re2 25. Nd3 Bd4 26. Rbc1 Rd2
27. Rcd1 Rxd1 28. Rxd1 Rc8 29. f3 Ra8 30. Rc1 Ra1 31. Rxa1 Bxa1 32. Nf4 e6 33.
Ne2 e5 34. Kg1 d5 35. f4 d4 36. Nc1 e4 37. Kf2 d3 38. Na2 Bd4+ 39. Ke1 e3 40.
b5 e2 0-1

[Event "Korcsoportos Bajnokság u14f"]
[Site "Balatonlelle"]
[Date "2015.06.18"]
[Round "1.12"]
[White "Szabo, Marton Mihaly"]
[Black "Varga, Marcell"]
[Result "1-0"]
[WhiteElo "1864"]
[BlackElo "1478"]
[PlyCount "91"]
[EventDate "2015.06.18"]
[EventType "swiss"]
[EventRounds "9"]
[EventCountry "HUN"]
[WhiteClock "0:15:57"]
[BlackClock "0:54:40"]

1. e4 e5 2. d4 exd4 3. Qxd4 Nc6 4. Qe3 d6 5. Bd2 Nf6 6. h3 Be7 7. Nc3 Be6 8. f4
a6 9. f5 Bd7 10. g4 h6 11. O-O-O Ne5 12. Nf3 Nxf3 13. Qxf3 Bc6 14. Bf4 Qd7 15.
Bc4 Rf8 16. Qe3 b5 17. Bd5 b4 18. Bxc6 Qxc6 19. Nd5 Nxd5 20. Rxd5 O-O-O 21. h4
Kb7 22. Qb3 Qb6 23. Be3 c5 24. g5 hxg5 25. hxg5 Rde8 26. Bf4 Rh8 27. Rhd1 Rd8
28. Qg3 Rh5 29. Qf3 Bxg5 30. Qxh5 Bxf4+ 31. Kb1 Qc7 32. Qh4 Be3 33. e5 Bd4 34.
e6 fxe6 35. fxe6 Bf6 36. Qe4 Kb6 37. Qf4 Be5 38. Qg5 Bf6 39. Qf5 Qe7 40. Qe4
Be5 41. R1d3 Qxe6 42. Rxe5 Qf6 43. Re7 Rh8 44. a3 Rh4 45. Rb7+ Ka5 46. axb4+
1-0

[Event "Korcsoportos Bajnokság u14f"]
[Site "Balatonlelle"]
[Date "2015.06.18"]
[Round "1.13"]
[White "Birovecz, Ben Jordan"]
[Black "Kovacs, Gabor Etele"]
[Result "1/2-1/2"]
[WhiteElo "1470"]
[BlackElo "1851"]
[PlyCount "58"]
[EventDate "2015.06.18"]
[EventType "swiss"]
[EventRounds "9"]
[EventCountry "HUN"]
[WhiteClock "1:30:50"]
[BlackClock "1:13:36"]

1. e4 e6 2. d4 d5 3. e5 c5 4. c3 Nc6 5. Nf3 Bd7 6. Be2 cxd4 7. cxd4 Nge7 8. a3
Nf5 9. b4 Qb6 10. Bb2 Be7 11. O-O O-O 12. Re1 f6 13. Bd3 fxe5 14. Nxe5 Nxe5 15.
dxe5 Bh4 16. Re2 Be8 17. Rd2 Bg5 18. Bxf5 Bxd2 19. Bxe6+ Qxe6 20. Nxd2 Qf5 21.
Bd4 Qf4 22. Bc5 Qxe5 23. Bxf8 Kxf8 24. Nf3 Qf6 25. Qd4 Qxd4 26. Nxd4 Rc8 27.
Kf1 Rc4 28. Rd1 Ba4 29. Rd3 Kf7 1/2-1/2

[Event "Korcsoportos Bajnokság u14f"]
[Site "Balatonlelle"]
[Date "2015.06.18"]
[Round "1.14"]
[White "Miszler, Levente"]
[Black "Kovacs, Mate"]
[Result "0-1"]
[WhiteElo "1845"]
[BlackElo "1353"]
[PlyCount "84"]
[EventDate "2015.06.18"]
[EventType "swiss"]
[EventRounds "9"]
[EventCountry "HUN"]

1. e4 e5 2. Nf3 Nc6 3. Bc4 Bc5 4. c3 Nf6 5. d3 h6 6. b4 Bb6 7. b5 Na5 8. Nbd2
Nxc4 9. Nxc4 d6 10. Nxb6 axb6 11. h3 Qe7 12. O-O O-O 13. Bd2 Be6 14. c4 Nd7 15.
Bb4 Ra7 16. Qc2 Qf6 17. Nd2 Qg6 18. Kh1 f5 19. f3 f4 20. Nb3 Rf6 21. Qf2 Qh5
22. a4 Rg6 23. Qe2 Bxh3 24. gxh3 Rxa4 25. h4 Rxb4 26. Ra3 Rg3 27. Rf2 Nc5 28.
Nd2 Qxh4+ 29. Rh2 Qg5 30. Qf1 Ra4 31. Rc3 Ra2 32. Qd1 Na4 33. Rb3 Rc2 34. Ra3
Nc3 35. Qf1 Na2 36. Ra8+ Kf7 37. Rxa2 Rxa2 38. Qd1 Qd8 39. c5 Qa8 40. Qb3+ Kf8
41. cxd6 cxd6 42. Qb4 Qa3 0-1

[Event "Korcsoportos Bajnokság u14f"]
[Site "Balatonlelle"]
[Date "2015.06.18"]
[Round "1.15"]
[White "Zlotov, Viktor"]
[Black "Gyimesi, Peter"]
[Result "0-1"]
[WhiteElo "1333"]
[BlackElo "1819"]
[PlyCount "60"]
[EventDate "2015.06.18"]
[EventType "swiss"]
[EventRounds "9"]
[EventCountry "HUN"]
[WhiteClock "0:40:15"]
[BlackClock "0:52:10"]

1. e4 c5 2. Nf3 e6 3. d4 cxd4 4. Nxd4 Nc6 5. Nc3 Qc7 6. Be3 a6 7. Bc4 Nf6 8.
Bb3 Bb4 9. f3 O-O 10. Nde2 b5 11. Qd2 Bb7 12. O-O-O Rac8 13. Kb1 Rfd8 14. Bg5
Be7 15. h3 Na5 16. f4 Nxb3 17. axb3 b4 18. Na2 Nxe4 19. Qd3 Bxg5 20. fxg5 Nf2
21. Qd2 Nxh1 22. Rxh1 a5 23. Nd4 Be4 24. Rc1 d5 25. g4 Rd7 26. h4 Qd8 27. h5 e5
28. Nf5 Rdc7 29. g6 Rxc2 30. gxf7+ Kxf7 0-1

[Event "Korcsoportos Bajnokság u14f"]
[Site "Balatonlelle"]
[Date "2015.06.19"]
[Round "2.1"]
[White "Bohus, Adam"]
[Black "Vodila, Martin Botond"]
[Result "1-0"]
[WhiteElo "2128"]
[BlackElo "1941"]
[PlyCount "41"]
[EventDate "2015.06.18"]
[EventType "swiss"]
[EventRounds "9"]
[EventCountry "HUN"]
[WhiteClock "0:24:09"]
[BlackClock "0:21:29"]

1. d4 d5 2. Nf3 Nf6 3. c4 c6 4. e3 e6 5. b3 Nbd7 6. Bd3 b6 7. Bb2 Bb7 8. O-O
Be7 9. Ne5 c5 10. cxd5 Bxd5 11. Nd2 O-O 12. f4 cxd4 13. exd4 Rc8 14. Qe2 Qc7
15. Rae1 Bb4 16. Rc1 Qb8 17. Ndc4 Rfd8 18. g4 Bb7 19. g5 Nd5 20. Bxh7+ Kf8 21.
Qh5 1-0

[Event "Korcsoportos Bajnokság u14f"]
[Site "Balatonlelle"]
[Date "2015.06.19"]
[Round "2.2"]
[White "Czumbel, Peter"]
[Black "Horvath, Balazs"]
[Result "1/2-1/2"]
[WhiteElo "1904"]
[BlackElo "2115"]
[PlyCount "45"]
[EventDate "2015.06.18"]
[EventType "swiss"]
[EventRounds "9"]
[EventCountry "HUN"]
[WhiteClock "0:23:54"]
[BlackClock "0:33:24"]

1. Nf3 Nf6 2. g3 g6 3. Bg2 Bg7 4. O-O O-O 5. d4 d6 6. a4 Nbd7 7. a5 e5 8. e3 e4
9. Nfd2 d5 10. c4 c6 11. Nc3 Re8 12. b4 Nf8 13. b5 Bg4 14. Qa4 h5 15. f3 exf3
16. Nxf3 Bxf3 17. Bxf3 h4 18. bxc6 bxc6 19. Qxc6 Rc8 20. Qb5 dxc4 21. Ra4 hxg3
22. hxg3 Qd6 23. Kg2 1/2-1/2

[Event "Korcsoportos Bajnokság u14f"]
[Site "Balatonlelle"]
[Date "2015.06.19"]
[Round "2.3"]
[White "Papp, Levente"]
[Black "Szabo, Marton Mihaly"]
[Result "1-0"]
[WhiteElo "2111"]
[BlackElo "1864"]
[PlyCount "67"]
[EventDate "2015.06.18"]
[EventType "swiss"]
[EventRounds "9"]
[EventCountry "HUN"]
[WhiteClock "0:16:54"]
[BlackClock "0:11:25"]

1. c4 e5 2. g3 Nc6 3. Bg2 g6 4. Nc3 Bg7 5. e3 d6 6. Nge2 Nge7 7. O-O O-O 8. Nd5
Be6 9. Nec3 f5 10. d3 h6 11. Rb1 Qd7 12. Qa4 Bxd5 13. Nxd5 Nxd5 14. Bxd5+ Kh7
15. b4 Qe8 16. Ba3 Rb8 17. b5 Ne7 18. Bg2 Qd7 19. c5 d5 20. c6 bxc6 21. bxc6
Qe6 22. Rxb8 Rxb8 23. Qxa7 Nxc6 24. Qxc7 Ra8 25. Rc1 Rc8 26. Bxd5 Rxc7 27. Bxe6
Ra7 28. Bc5 Ra8 29. Bd5 Rc8 30. Bd6 Ne7 31. Rxc8 Nxc8 32. Bc5 Bf6 33. Bb7 Ne7
34. a4 1-0

[Event "Korcsoportos Bajnokság u14f"]
[Site "Balatonlelle"]
[Date "2015.06.19"]
[Round "2.4"]
[White "Gyimesi, Peter"]
[Black "Kokeny, Norbert Adrian"]
[Result "1/2-1/2"]
[WhiteElo "1819"]
[BlackElo "2061"]
[PlyCount "65"]
[EventDate "2015.06.18"]
[EventType "swiss"]
[EventRounds "9"]
[EventCountry "HUN"]
[WhiteClock "0:04:16"]
[BlackClock "0:18:46"]

1. e4 c5 2. Nf3 e6 3. d4 cxd4 4. Nxd4 a6 5. Bd3 Bc5 6. Nf3 Nf6 7. O-O Be7 8.
Nc3 d6 9. e5 dxe5 10. Nxe5 Nbd7 11. Nxd7 Bxd7 12. Bg5 Bc6 13. Re1 h6 14. Bh4
Qd4 15. Bg3 Rd8 16. Qe2 Qb6 17. Rab1 Bb4 18. Qe5 Bd6 19. Qe3 Bc5 20. Qe2 h5 21.
Bh4 Rd4 22. Bxf6 gxf6 23. Kf1 Rg8 24. Be4 h4 25. h3 Kf8 26. Qf3 Rxe4 27. Nxe4
f5 28. Nxc5 Qb5+ 29. Qd3 Bxg2+ 30. Ke2 Qxc5 31. Qd8+ Kg7 32. Qg5+ Kf8 33. Qd8+
1/2-1/2

[Event "Korcsoportos Bajnokság u14f"]
[Site "Balatonlelle"]
[Date "2015.06.19"]
[Round "2.5"]
[White "Ambrus, Bence"]
[Black "Vanczak, Tamas"]
[Result "0-1"]
[WhiteElo "1798"]
[BlackElo "2017"]
[PlyCount "48"]
[EventDate "2015.06.18"]
[EventType "swiss"]
[EventRounds "9"]
[EventCountry "HUN"]
[WhiteClock "1:08:35"]
[BlackClock "1:14:03"]

1. e4 Nc6 2. Nf3 d5 3. exd5 Qxd5 4. Nc3 Qa5 5. Bb5 Bd7 6. d3 a6 7. Bd2 axb5 8.
Nd5 b4 9. Nxb4 Nxb4 10. a3 Nxd3+ 11. cxd3 Qb6 12. Bc3 e6 13. O-O Nf6 14. Rc1
Bd6 15. Nd2 Qb5 16. Ne4 Nxe4 17. dxe4 O-O 18. Qg4 e5 19. Qg3 Be6 20. f4 f6 21.
f5 Bc4 22. Rfe1 Rad8 23. Rcd1 Qb6+ 24. Kh1 Bc5 0-1

[Event "Korcsoportos Bajnokság u14f"]
[Site "Balatonlelle"]
[Date "2015.06.19"]
[Round "2.6"]
[White "Bege, Mate"]
[Black "Acs, Kristof"]
[Result "1-0"]
[WhiteElo "1999"]
[BlackElo "1536"]
[PlyCount "53"]
[EventDate "2015.06.18"]
[EventType "swiss"]
[EventRounds "9"]
[EventCountry "HUN"]
[WhiteClock "1:19:05"]
[BlackClock "0:48:56"]

1. e4 e5 2. Nf3 Nc6 3. Bb5 a6 4. Ba4 d6 5. d4 b5 6. Bb3 exd4 7. Bd5 Nge7 8.
Nxd4 Qd7 9. O-O Rb8 10. Nf3 g6 11. Ng5 Nxd5 12. exd5 Ne7 13. Qd4 Rg8 14. Nxh7
Bg7 15. Nf6+ Bxf6 16. Qxf6 Nxd5 17. Re1+ Qe6 18. Rxe6+ Bxe6 19. Qf3 Nb4 20. Qc3
Nxa2 21. Qc6+ Kf8 22. Bh6+ Ke7 23. Bg5+ Kf8 24. Qxc7 Rc8 25. Qxd6+ Kg7 26. Qe5+
Kh7 27. Qg3 1-0

[Event "Korcsoportos Bajnokság u14f"]
[Site "Balatonlelle"]
[Date "2015.06.19"]
[Round "2.7"]
[White "Kovacs, Mate"]
[Black "Acs, Marton"]
[Result "0-1"]
[WhiteElo "1353"]
[BlackElo "1968"]
[PlyCount "52"]
[EventDate "2015.06.18"]
[EventType "swiss"]
[EventRounds "9"]
[EventCountry "HUN"]
[WhiteClock "1:03:11"]
[BlackClock "0:36:06"]

1. e4 e5 2. Nf3 Nc6 3. Nc3 Nf6 4. Bb5 Bc5 5. Nxe5 Nxe5 6. d4 Bd6 7. f4 Neg4 8.
e5 Bb4 9. exf6 Nxf6 10. O-O O-O 11. Ne2 d5 12. c3 Bd6 13. Bd3 Bg4 14. h3 Bxe2
15. Bxe2 Ne4 16. Qb3 Ng3 17. Rf2 Qe7 18. Bd3 Qe1+ 19. Bf1 Rae8 20. Qxd5 Ne2+
21. Rxe2 Rxe2 22. Qf3 Rc2 23. Qe3 Re8 24. Qf3 Rxc1 25. Rxc1 Qxc1 26. Kh2 Qxf4+
0-1

[Event "Korcsoportos Bajnokság u14f"]
[Site "Balatonlelle"]
[Date "2015.06.19"]
[Round "2.8"]
[White "Tubak, Daniel"]
[Black "Birovecz, Ben Jordan"]
[Result "1/2-1/2"]
[WhiteElo "2032"]
[BlackElo "1470"]
[PlyCount "74"]
[EventDate "2015.06.18"]
[EventType "swiss"]
[EventRounds "9"]
[EventCountry "HUN"]
[WhiteClock "0:25:09"]
[BlackClock "0:08:14"]

1. e4 e5 2. Nf3 Nc6 3. d4 exd4 4. Nxd4 Qf6 5. Be3 Bc5 6. c3 Nge7 7. Bc4 O-O 8.
O-O Bb6 9. f4 d6 10. Na3 Be6 11. Qd2 Nxd4 12. cxd4 d5 13. e5 Qg6 14. Be2 Rac8
15. Rac1 Bf5 16. Bf3 f6 17. b4 fxe5 18. fxe5 Be4 19. Bxe4 Qxe4 20. Nc2 Nc6 21.
Rce1 Rce8 22. Bf2 Qg4 23. h3 Qg6 24. Re3 Qg5 25. Qd3 Qf5 26. Qxf5 Rxf5 27. Rf3
Rxf3 28. gxf3 Rf8 29. Be3 Rf5 30. f4 Kf7 31. Kg2 Ke6 32. Rf3 h6 33. Rg3 g5 34.
fxg5 hxg5 35. Rxg5 Rxg5+ 36. Bxg5 Nxd4 37. Ne3 Kxe5 1/2-1/2

[Event "Korcsoportos Bajnokság u14f"]
[Site "Balatonlelle"]
[Date "2015.06.19"]
[Round "2.9"]
[White "Kovacs, Gabor Etele"]
[Black "Nemeth, Balint"]
[Result "1/2-1/2"]
[WhiteElo "1851"]
[BlackElo "1617"]
[PlyCount "49"]
[EventDate "2015.06.18"]
[EventType "swiss"]
[EventRounds "9"]
[EventCountry "HUN"]
[WhiteClock "0:24:54"]
[BlackClock "0:55:48"]

1. e4 e5 2. Nf3 Nc6 3. Bb5 a6 4. Bxc6 dxc6 5. O-O f6 6. d4 exd4 7. Nxd4 c5 8.
Nb3 Qxd1 9. Rxd1 Bg4 10. f3 Bd7 11. Bf4 O-O-O 12. Nc3 c4 13. Na5 Bc5+ 14. Kh1
b5 15. a4 Ne7 16. axb5 Bxb5 17. Rxd8+ Rxd8 18. Nxb5 axb5 19. c3 Bb6 20. h3 Kd7
21. Kh2 Ra8 22. Nb3 Rxa1 23. Nxa1 Ng6 24. Bd2 Ne5 25. f4 1/2-1/2

[Event "Korcsoportos Bajnokság u14f"]
[Site "Balatonlelle"]
[Date "2015.06.19"]
[Round "2.10"]
[White "Kelemen, David"]
[Black "Bencze, Balazs Dominik"]
[Result "1-0"]
[WhiteElo "1943"]
[BlackElo "1569"]
[PlyCount "69"]
[EventDate "2015.06.18"]
[EventType "swiss"]
[EventRounds "9"]
[EventCountry "HUN"]

1. e4 c5 2. Nf3 Nc6 3. d4 cxd4 4. Nxd4 d6 5. Nc3 Nf6 6. Bg5 e6 7. Qd2 Be7 8.
O-O-O a6 9. f4 Qc7 10. Bxf6 Bxf6 11. Nxc6 Qxc6 12. Qxd6 Qxd6 13. Rxd6 Bxc3 14.
bxc3 Bd7 15. Be2 Bc6 16. Bf3 Ke7 17. Rhd1 Rhd8 18. R6d4 Rac8 19. Kb2 f5 20. Re1
fxe4 21. Bxe4 Bxe4 22. Rdxe4 Rc6 23. f5 Rdd6 24. Kb3 Kf6 25. Rxe6+ Rxe6 26.
Rxe6+ Rxe6 27. fxe6 Kxe6 28. Kc4 Kd6 29. Kd4 b6 30. c4 g6 31. g3 a5 32. a4 Kc6
33. c5 b5 34. axb5+ Kxb5 35. Kd5 1-0